000 00590nam a2200193Ia 4500
003 GCL
008 140319s9999 xx 000 0 ara d
040 _aGCL /
_cGCL
082 0 4 _a810.9
_bع د
100 1 _aعبدالرحمن شكرى
245 1 0 _aدراسات فى الشعر العربى /
_cعبدالرحمن شكرى
700 1 _aمحمد رجب البيومى (جمع وتحقيق)
300 _a316 ص
490 _a
650 0 4 _aالادب العربى
650 0 4 _aالعصر الحديث
650 0 4 _aالشعر العربى - تاريخ ونقد
942 _2ddc
_cBK
999 _c39082
_d39082